000 00715nam a2200205Ia 4500
005 20241216011349.0
008 190429s9999||||xx |||||||||||||| ||und||
082 _a616.132
_bD283
100 _aDUEÑAS ALANIA, MELITZA ERIKA Y MAYTA CABALLERO, DELSY VANESSA
245 0 _aINCIDENCIA DE HIPERTENSION ARTERIAL RELACIONADO A LOS ESTILOS DE VIDA EN LOS PACIENTES ATENDIDOS EN EL HFMS TARMA MAYO - JUNIO 2009
250 _a0
260 _aCERRO DE PASCO-PERU
_bUNDAC
_c2010
300 _a50 pag.
_c30 cm.
341 _h0
490 _v0
_a0
505 _aMATERIALES/METODOS/RESULTADOS/DISCUSION/RECOMENDACIONES
541 _aD
_bDUEÑAS ALANIA MELITZA
_d05-Jul-10
_oSoles
650 _aEnfermería
942 _cTESIS
999 _c39846
_d39846